Border 2 Border #2 - Sudden Death - Statistics

General Stats
  • This quiz has been taken 12,870 times
  • The average score is 7 of 14
Answers on the Grid
Answers color-coded by a green-red scale on the quiz's grid according to % correct below.
Start Here: Lesotho
Afghanistan
Angola
Bahrain
Benin
Central African Republic
Chad
Djibouti
Egypt
Eritrea
Ghana
Iran
Israel
Jordan
Kuwait
Libya
Mali
Morocco
Mozambique
Russia
Saudi Arabia
Somalia
South Africa
South Sudan
Tanzania
Turkey
Uganda
 
Answer Stats
Answer % Correct
South Africa
92%
Start Here: Lesotho
90%
Mozambique
81%
Tanzania
75%
Uganda
57%
South Sudan
46%
Central African Republic
45%
Chad
40%
Egypt
30%
Libya
26%
Israel
25%
Jordan
25%
Saudi Arabia
23%
Kuwait
19%
No matching quizzes found
Score Distribution
Percent of People with Each Score
Percentile by Number Answered
Your Score History
You have not taken this quiz